000 00267nam a2200109Ia 4500
001 1275980
005 20260417160438.0
008 260417s9999 xx 000 0 und d
020 _a9786256698192
245 0 _aRamadan Diary
_cMukaddes Kutlu
260 _bKetebe Çocuk
999 _c1275980
_d1275980